| 000 | 02073nam0a2200397 i 4500 | ||
|---|---|---|---|
| 001 | RU\NLR\BIBL_A\010302683 | ||
| 005 | 20260408074104.0 | ||
| 010 |
_a9785980799434 _9100 |
||
| 021 |
_aRU _b14-8012 |
||
| 035 | _a(NILC)RuMoRGB-006742935 | ||
| 035 | _a(NLR Aleph) 010302683 | ||
| 090 |
_a10601412 _c10601412 |
||
| 100 | _a20140407d2013 km y0rusy50 ca | ||
| 101 | 0 | _arus | |
| 102 | _aRU | ||
| 105 | _aa|||z|||000|y | ||
| 200 | 1 |
_aКоммуникативные стратегии личностной и корпоративной репрезентации _eмонография _f[Е.Л. Головлева, Р.Т. Мухаев, Л.В. Мрочко и др.] _gпод общ. ред. Е.Л. Головлевой _gМоск. гуманитар. ун-т, Каф. теории рекламы и массовых коммуникаций |
|
| 210 |
_aМосква _cИзд-во Московского гуманитарного университета _d2013 |
||
| 215 |
_a154 с. _cсхемы _d21 |
||
| 300 | _aАвт. указаны на обороте тит. л. | ||
| 320 | _aБиблиогр. в конце ст. | ||
| 606 | 1 |
_aКоммуникации социальные _92074834 _3RU\NLR\AUTH\661249852 |
|
| 610 | 0 | _aреклама | |
| 610 | 0 | _aкоммуникация | |
| 686 | 1 | _aС550.74 | |
| 701 | 1 |
_aГоловлева _bЕ. Л. _gЕлена Леонидовна _4070 _4340 |
|
| 701 | 1 |
_8rus _7ca _aМухаев _bР. Т. _gРашид Тазитдинович _3RU\NLR\AUTH\773706 _9113699 |
|
| 701 | 1 |
_8rus _7ca _aМрочко _bЛ. В. _gЛеонид Владимирович _3RU\NLR\AUTH\7775793 _958721 |
|
| 712 | 0 | 2 |
_4570 _aМосковский гуманитарный университет _bКафедра теории рекламы и массовых коммуникаций _3RU\NLR\AUTH\8810217215 _9320263 |
| 801 | 0 |
_aRU _bРГБ _c20140220 _gRCR |
|
| 801 | 1 |
_aRU _bРГБ _c20140220 _2rusmarc |
|
| 942 | _cBOOK | ||
| 980 | _aNBR | ||